Statistics for UEFA Champions League All-Time Most Appearances

Click here to take the quiz!

General Stats

  • This quiz has been taken 96 times
  • The average score is 25 of 40

Answer Stats

TeamAnswer% Correct
Real MadridCristiano Ronaldo
99%
BarcelonaLionel Messi
96%
Real MadridSergio Ramos
87%
Real MadridIker Casillas
85%
Real MadridRaúl
83%
JuventusGianluigi Buffon
82%
ChelseaFrank Lampard
79%
A.C. MilanPaolo Maldini
79%
BarcelonaXavi
79%
BarcelonaAndrés Iniesta
77%
Bayern MunichThomas Müller
77%
PSGZlatan Ibrahimović
76%
Bayern MunichManuel Neuer
74%
Manchester UnitedRyan Giggs
72%
Real MadridToni Kroos
72%
Manchester UnitedPaul Scholes
69%
ChelseaJohn Terry
68%
Real MadridKarim Benzema
68%
A.C. MilanAndriy Shevchenko
67%
BarcelonaCarles Puyol
67%
ArsenalThierry Henry
67%
BarcelonaGerard Piqué
65%
BarcelonaSergio Busquets
65%
Bayern MunichPhilipp Lahm
63%
A.C. MilanAndrea Pirlo
60%
ChelseaPetr Čech
60%
Manchester UnitedDavid Beckham
53%
Inter MilanJavier Zanetti
53%
BarcelonaVíctor Valdés
51%
BarcelonaDani Alves
50%
Manchester United
Edwin Van der Sar
50%
Manchester UnitedGary Neville
49%
ChelseaAshley Cole
46%
A.C. MilanClarence Seedorf
44%
Real MadridRoberto Carlos
41%
Bayern MunichOliver Kahn
40%
Real MadridPepe
37%
Manchester UnitedPatrice Evra
35%
Real MadridXabi Alonso
32%
Dynamo KyivOleksandr Shovkovskyi
3%

Score Distribution

Percentile by Number Answered

Percent of People with Each Score

Your Score History

You have not taken this quiz